<?xml version="1.0" encoding="UTF-8"?>
<marc:record xmlns:marc="http://www.loc.gov/MARC21/slim">
   <marc:leader>00000nam a2200000 a 4500</marc:leader>
   <marc:datafield ind1="1" ind2=" " tag="100">
      <marc:subfield code="a">Hesse, Helge</marc:subfield>
      <marc:subfield code="4">aut</marc:subfield>
      <marc:subfield code="e">Verfasser/-in</marc:subfield>
   </marc:datafield>
   <marc:datafield ind1=" " ind2=" " tag="653">
      <marc:subfield code="a">Geschichte 1775-1799</marc:subfield>
   </marc:datafield>
   <marc:datafield ind1=" " ind2=" " tag="653">
      <marc:subfield code="a">Wandel</marc:subfield>
   </marc:datafield>
   <marc:datafield ind1=" " ind2=" " tag="653">
      <marc:subfield code="a">Softcover / Sachbücher/Geschichte/Neuzeit bis 1918</marc:subfield>
   </marc:datafield>
   <marc:datafield ind1=" " ind2=" " tag="653">
      <marc:subfield code="a">Geschichte Aufklärung</marc:subfield>
   </marc:datafield>
   <marc:datafield ind1=" " ind2=" " tag="653">
      <marc:subfield code="a">Entstehung westliches Abendland</marc:subfield>
   </marc:datafield>
   <marc:datafield ind1=" " ind2=" " tag="653">
      <marc:subfield code="a">Aufklärungen Veränderungen</marc:subfield>
   </marc:datafield>
   <marc:datafield ind1=" " ind2=" " tag="653">
      <marc:subfield code="a">Wichtige Personen der Aufklärung</marc:subfield>
   </marc:datafield>
   <marc:datafield ind1=" " ind2=" " tag="653">
      <marc:subfield code="a">Wer wirkt an der Aufklärung mit</marc:subfield>
   </marc:datafield>
   <marc:datafield ind1=" " ind2=" " tag="653">
      <marc:subfield code="a">Wichtige Charaktere der Aufklärung</marc:subfield>
   </marc:datafield>
   <marc:datafield ind1=" " ind2=" " tag="653">
      <marc:subfield code="a">Wer war an der Aufklärung beteiligt</marc:subfield>
   </marc:datafield>
   <marc:datafield ind1=" " ind2=" " tag="653">
      <marc:subfield code="a">Epoche Aufklärung Soziologie</marc:subfield>
   </marc:datafield>
   <marc:datafield ind1=" " ind2=" " tag="653">
      <marc:subfield code="a">Epoche Aufklärung Erfindungen</marc:subfield>
   </marc:datafield>
   <marc:datafield ind1=" " ind2=" " tag="653">
      <marc:subfield code="a">Umbruch Aufklärung</marc:subfield>
   </marc:datafield>
   <marc:datafield ind1=" " ind2=" " tag="653">
      <marc:subfield code="a">Protagonisten der Aufklärung</marc:subfield>
   </marc:datafield>
   <marc:datafield ind1=" " ind2=" " tag="653">
      <marc:subfield code="a">Überblick Aufklärung</marc:subfield>
   </marc:datafield>
   <marc:datafield ind1=" " ind2=" " tag="653">
      <marc:subfield code="a">Umbruch 18. Jahrhundert</marc:subfield>
   </marc:datafield>
   <marc:datafield ind1=" " ind2=" " tag="653">
      <marc:subfield code="a">Geschichte des 18. Jahrhunderts</marc:subfield>
   </marc:datafield>
   <marc:datafield ind1=" " ind2=" " tag="653">
      <marc:subfield code="a">Epoche Aufklärung Überblick</marc:subfield>
   </marc:datafield>
   <marc:datafield ind1=" " ind2=" " tag="653">
      <marc:subfield code="a">Epoche Aufklärung Gesellschaftsgeschichte</marc:subfield>
   </marc:datafield>
   <marc:datafield ind1=" " ind2=" " tag="653">
      <marc:subfield code="a">Epoche Aufklärung Kulturgeschichte</marc:subfield>
   </marc:datafield>
   <marc:datafield ind1=" " ind2=" " tag="653">
      <marc:subfield code="a">Persönlichkeiten der Aufklärung</marc:subfield>
   </marc:datafield>
   <marc:datafield ind1=" " ind2=" " tag="653">
      <marc:subfield code="a">Was passiert in der Aufklärung</marc:subfield>
   </marc:datafield>
   <marc:datafield ind1="0" ind2="0" tag="245">
      <marc:subfield code="a">Die Welt neu beginnen</marc:subfield>
   </marc:datafield>
   <marc:datafield ind1="0" ind2="0" tag="245">
      <marc:subfield code="b">Leben in Zeiten des Aufbruchs 1775 bis 1799</marc:subfield>
   </marc:datafield>
   <marc:datafield ind1="0" ind2="0" tag="245">
      <marc:subfield code="c">Helge Hesse</marc:subfield>
   </marc:datafield>
   <marc:datafield ind1=" " ind2="1" tag="264">
      <marc:subfield code="a">Ditzingen</marc:subfield>
      <marc:subfield code="b">Reclam</marc:subfield>
   </marc:datafield>
   <marc:datafield ind1="1" ind2=" " tag="520">
      <marc:subfield code="a">Angaben aus der Verlagsmeldung

Die Welt neu beginnen : Leben in Zeiten des Aufbruchs 1775–1799 / von Helge Hesse

Die letzten 25 Jahre des 18. Jahrhunderts veränderten die Welt. Ein völlig neues Menschenbild entstand – frei und gleich sollte der Mensch plötzlich sein! Diese Idee ging mit Umwälzungen in Politik und Gesellschaft, Wissenschaften und Künsten einher. Es bildeten sich Fundamente und Werte, wie sie – trotz aller Gefahren – bis in unsere Gegenwart Bestand haben.
Helge Hesse erzählt von diesem Aufbruch und seinen Folgen. In einer mitreißenden Tour d’Horizon spürt er den Zielen und Hoffnungen von großen Figuren der Geschichte und ihrer Zeit nach. Wer ihm folgt, erlebt Goethe und Franklin, Washington, Marie Antoinette, Lichtenberg und viele andere aus nächster Nähe. Und begreift, wie das entstand, was wir gemeinhin »westliches Abendland« nennen.
Hesses Buch zoomt auf die unscheinbaren Momente der Weltgeschichte und die sich immer wieder auf verblüffende Weise durchkreuzenden Schicksale ihrer Protagonisten. So wird klar: Historische Einschnitte und Aufbrüche können jederzeit stattfinden – auch heute.
</marc:subfield>
   </marc:datafield>
   <marc:datafield ind1=" " ind2=" " tag="020">
      <marc:subfield code="a">9783150112809</marc:subfield>
      <marc:subfield code="9">9783150112809</marc:subfield>
   </marc:datafield>
   <marc:datafield ind1=" " ind2=" " tag="020">
      <marc:subfield code="a">315011280X</marc:subfield>
      <marc:subfield code="9">315011280X</marc:subfield>
   </marc:datafield>
   <marc:datafield ind1=" " ind2=" " tag="041">
      <marc:subfield code="a">ger</marc:subfield>
   </marc:datafield>
   <marc:datafield ind1=" " ind2=" " tag="300">
      <marc:subfield code="a">431 Seiten</marc:subfield>
   </marc:datafield>
</marc:record>
